000 00778nam a2200253Ia 4500
003 OSt
005 20220923224930.0
006 a|||||r|||| 00| 0
007 ta
008 220922b |||||||| |||| 00| 0 hin d
024 _a253,834
037 _cTextual
040 _aARTS
_cARTS
_bhin
041 _2hin
_ahin
082 _aO152,3N32,KA, L8;M1
100 _aकमलेश्वर
_9156277
245 0 _aकाली आंधी
246 _aKālī āandhī
260 _aदिल्ली
_b राजपाल एण्ड सन्ज़
_c1981
300 _a121पृ.
_ccm.
650 _aहिन्दी साहित्य
_9156264
942 _hO152,3N32,KA, L8;M1
_cTEXL
_2CC
999 _c374759
_d374759